[Event "GER-chT U20"]
[Site "Magdeburg"]
[Date "2023.12.27"]
[Round "1.3"]
[White "Schroeder, Lennart"]
[Black "Ehrig, Leon Chris"]
[Result "1-0"]
[WhiteElo "2107"]
[BlackElo "2051"]
[PlyCount "51"]
[EventDate "2023.12.26"]
[EventType "team-swiss"]
[EventRounds "7"]
[EventCountry "GER"]
[SourceTitle "CBM 218 Extra"]
[Source "ChessBase"]
[SourceDate "2024.03.31"]
[SourceVersion "1"]
[SourceVersionDate "2024.03.31"]
[SourceQuality "1"]
[WhiteTeam "Muenster 32"]
[BlackTeam "Chemnitz USG"]
[WhiteTeamCountry "GER"]
[BlackTeamCountry "GER"]

1. d4 Nf6 2. c4 e6 3. g3 d5 4. Bg2 Be7 5. Nf3 0-0 6. 0-0 dxc4 7. Qc2 b6 8. Bg5 Nd5 9. Bxe7 Qxe7 10. Rc1 Ba6 11. Nbd2 c5 12. Nxc4 cxd4 13. Nxd4 Nd7 14. Bxd5 exd5 15. Ne3 Nf6 16. Qf5 Qb4 17. Qf4 Bc8 18. Rc6 Ne4 19. Rd1 Be6 20. f3 Bd7 21. fxe4 Bxc6 22. Nxc6 Qxb2 23. exd5 Qxe2 24. d6 Qxa2 25. d7 Qe6 26. Rd6 1-0

[Event "Prague Summer op-A 10th"]
[Site "Prague"]
[Date "2023.08.07"]
[Round "5"]
[White "Hinterreiter, Markus"]
[Black "Ehrig, Leon Chris"]
[Result "1-0"]
[WhiteElo "2206"]
[BlackElo "1981"]
[PlyCount "81"]
[EventDate "2023.08.04"]
[EventType "swiss"]
[EventRounds "9"]
[EventCountry "CZE"]
[SourceTitle "CBM 215 Extra"]
[Source "ChessBase"]
[SourceDate "2023.09.30"]
[SourceVersion "1"]
[SourceVersionDate "2023.09.30"]
[SourceQuality "1"]

1. Nf3 e6 2. g3 d5 3. Bg2 Nf6 4. c4 dxc4 5. Qa4+ Nbd7 6. Qxc4 a6 7. Qc2 c5 8. Nc3 Qc7 9. 0-0 b5 10. a4 b4 11. Nd1 a5 12. d3 Bb7 13. e4 Be7 14. Bf4 e5 15. Bd2 Nb6 16. Ne3 g6 17. Rfd1 0-0 18. b3 Rfd8 19. Bc1 Rac8 20. Bb2 Nfd7 21. Ng4 Bd6 22. h4 h5 23. Ne3 Bf8 24. Bh3 Bg7 25. Nd2 Ba6 26. Ndc4 Nxc4 27. dxc4 Bb7 28. Nd5 Bxd5 29. Rxd5 Nb6 30. Rxd8+ Rxd8 31. Rd1 Rd6 32. Bc1 Qd8 33. Rxd6 Qxd6 34. Be3 Bf8 35. Qd2 Qxd2 36. Bxd2 Be7 37. f4 Bf6 38. Be3 exf4 39. Bxc5 Nxa4 40. bxa4 b3 41. Bf1 1-0

[Event "GER-chT U14"]
[Site "Willingen"]
[Date "2022.08.16"]
[Round "7.7"]
[White "Ehrig, Leon Chris"]
[Black "Reus, Nicholas"]
[Result "1/2-1/2"]
[WhiteElo "1832"]
[BlackElo "1663"]
[PlyCount "69"]
[EventDate "2022.08.13"]
[EventType "team-swiss"]
[EventRounds "7"]
[EventCountry "GER"]
[SourceTitle "EXT 2023"]
[Source "ChessBase"]
[SourceDate "2022.10.05"]
[SourceVersion "1"]
[SourceVersionDate "2022.10.05"]
[SourceQuality "1"]
[WhiteTeam "Chemnitz USG"]
[BlackTeam "Stuttgart SF"]
[WhiteTeamCountry "GER"]
[BlackTeamCountry "GER"]

1. e4 c6 2. d3 d5 3. Nf3 dxe4 4. Ng5 Nf6 5. Nc3 Bg4 6. Qd2 e6 7. Ngxe4 Be7 8. Qg5 Nxe4 9. Qxg4 Nxc3 10. bxc3 Bf6 11. Bd2 0-0 12. Be2 Nd7 13. Rb1 Nb6 14. 0-0 Qd7 15. f4 g6 16. Kh1 Bg7 17. Rf3 Nd5 18. Rb3 Rfe8 19. c4 f5 20. Qh4 Nb6 21. Rh3 Bh8 22. Rb1 Qe7 23. Qh6 e5 24. fxe5 Bxe5 25. Bg5 Qg7 26. Qh4 Bxh2 27. Kxh2 Rxe2 28. Kh1 Rae8 29. c5 Nd5 30. c4 Ne3 31. Bxe3 R2xe3 32. Rxe3 Rxe3 33. Qd8+ Qf8 34. Qxf8+ Kxf8 35. Rxb7 1/2-1/2

[Event "GER-chT U14"]
[Site "Willingen"]
[Date "2022.08.14"]
[Round "3.8"]
[White "Ehrig, Leon Chris"]
[Black "Bade, Deniz"]
[Result "1-0"]
[WhiteElo "1832"]
[BlackElo "1462"]
[PlyCount "49"]
[EventDate "2022.08.13"]
[EventType "team-swiss"]
[EventRounds "7"]
[EventCountry "GER"]
[SourceTitle "EXT 2023"]
[Source "ChessBase"]
[SourceDate "2022.10.05"]
[SourceVersion "1"]
[SourceVersionDate "2022.10.05"]
[SourceQuality "1"]
[WhiteTeam "Chemnitz USG"]
[BlackTeam "Paderborn"]
[WhiteTeamCountry "GER"]
[BlackTeamCountry "GER"]

1. e4 c6 2. Nc3 d5 3. Qe2 d4 4. Nd1 e5 5. d3 Bd6 6. g3 c5 7. Bg2 Nc6 8. a3 Qc7 9. Nf3 Bd7 10. 0-0 f6 11. Nh4 0-0-0 12. Nf5 g6 13. Nxd6+ Qxd6 14. b4 cxb4 15. axb4 Qxb4 16. Ba3 Qb6 17. Nb2 Qc7 18. Rfb1 Kb8 19. Na4 Bc8 20. Bc5 h5 21. h3 Nge7 22. c4 Na5 23. Qd2 Nec6 24. Nb6 Be6 25. Nd5 1-0

[Event "GER-chT U14"]
[Site "Willingen"]
[Date "2022.08.13"]
[Round "2.7"]
[White "Schwan, Aaron"]
[Black "Ehrig, Leon Chris"]
[Result "0-1"]
[WhiteElo "1672"]
[BlackElo "1832"]
[PlyCount "48"]
[EventDate "2022.08.13"]
[EventType "team-swiss"]
[EventRounds "7"]
[EventCountry "GER"]
[SourceTitle "EXT 2023"]
[Source "ChessBase"]
[SourceDate "2022.10.05"]
[SourceVersion "1"]
[SourceVersionDate "2022.10.05"]
[SourceQuality "1"]
[WhiteTeam "Muenchen Tarrasch"]
[BlackTeam "Chemnitz USG"]
[WhiteTeamCountry "GER"]
[BlackTeamCountry "GER"]

1. e4 c5 2. Nf3 Nc6 3. d4 cxd4 4. Nxd4 e6 5. c4 Nf6 6. Nc3 Bb4 7. Qd3 Qa5 8. Bd2 0-0 9. Be2 d5 10. cxd5 exd5 11. Nxc6 bxc6 12. e5 Nd7 13. f4 Nc5 14. Qc2 d4 15. Nb1 d3 16. Bxd3 Nxd3+ 17. Qxd3 Ba6 18. Bxb4 Qxb4+ 19. Qd2 Qe4+ 20. Kf2 Rad8 21. Qc1 Qe2+ 22. Kg3 Rd3+ 23. Kh4 Bc8 24. h3 Qf2+ 0-1

[Event "GER-ch U16"]
[Site "Willingen"]
[Date "2022.06.11"]
[Round "9"]
[White "Gluma, Christian"]
[Black "Ehrig, Leon Chris"]
[Result "1-0"]
[WhiteElo "2014"]
[BlackElo "1890"]
[PlyCount "78"]
[EventDate "2022.06.04"]
[EventType "swiss"]
[EventRounds "9"]
[EventCountry "GER"]
[SourceTitle "CBM 208 Extra"]
[Source "ChessBase"]
[SourceDate "2022.07.31"]
[SourceVersion "1"]
[SourceVersionDate "2022.07.31"]
[SourceQuality "1"]

1. e4 c5 2. Nf3 a6 3. c3 e6 4. d4 d5 5. e5 Bd7 6. Be3 Qb6 7. Qc2 Nc6 8. a3 Rc8 9. dxc5 Bxc5 10. Bxc5 Qxc5 11. Nbd2 Nge7 12. Bd3 Ng6 13. Bxg6 hxg6 14. 0-0 Qb6 15. Rfe1 Qc7 16. Qd3 Na5 17. Qe3 b5 18. Qf4 Nc4 19. Rab1 Rh5 20. Re2 Rf5 21. Qg3 Qd8 22. Nb3 a5 23. Nbd4 Rh5 24. Qf4 Qe7 25. h4 Rb8 26. Nc2 Bc8 27. Ng5 Ba6 28. b3 Nb6 29. Re3 Rc8 30. Nd4 Rc7 31. Qg4 Rh8 32. Rf3 Rf8 33. Ngxe6 fxe6 34. Qxg6+ Rf7 35. Nxe6 Rc6 36. Nxg7+ Kf8 37. Rxf7+ Qxf7 38. Qxc6 Qxg7 39. Qxb6 Bc8 1-0

[Event "GER-ch U16"]
[Site "Willingen"]
[Date "2022.06.09"]
[Round "7"]
[White "Spriestersbach, Kai"]
[Black "Ehrig, Leon Chris"]
[Result "1/2-1/2"]
[WhiteElo "1948"]
[BlackElo "1890"]
[PlyCount "83"]
[EventDate "2022.06.04"]
[EventType "swiss"]
[EventRounds "9"]
[EventCountry "GER"]
[SourceTitle "CBM 208 Extra"]
[Source "ChessBase"]
[SourceDate "2022.07.31"]
[SourceVersion "1"]
[SourceVersionDate "2022.07.31"]
[SourceQuality "1"]

1. e4 c5 2. Nf3 d6 3. d4 cxd4 4. Nxd4 Nf6 5. Nc3 Bd7 6. Bg5 Nc6 7. Qd2 h6 8. Bxf6 gxf6 9. 0-0-0 Nxd4 10. Qxd4 Qa5 11. Kb1 Rc8 12. f4 Qc5 13. Qd3 f5 14. e5 Bg7 15. Qg3 0-0 16. Rd5 Qb6 17. Be2 a6 18. Re1 Be6 19. Rd3 dxe5 20. fxe5 Qa5 21. Bf3 Rc5 22. a3 Rc4 23. Nd5 Bxd5 24. Bxd5 Rg4 25. Qe3 e6 26. Bf3 Rc4 27. Re2 b5 28. c3 Qc7 29. Rd4 Rc5 30. Qd2 Rxe5 31. Rd7 Rxe2 32. Bxe2 Qxh2 33. Bf3 e5 34. Bd5 e4 35. Qf2 Qe5 36. g4 f4 37. Qa7 Qf6 38. Bxe4 f3 39. Qf2 Qe6 40. Bf5 Qb3 41. Qxf3 Re8 42. Qd1 1/2-1/2

[Event "GER-chT Lands U20"]
[Site "Neumuenster"]
[Date "2021.10.04"]
[Round "4.2"]
[White "Payyappat, Sayas"]
[Black "Ehrig, Leon Chris"]
[Result "1/2-1/2"]
[WhiteElo "2213"]
[BlackElo "1796"]
[PlyCount "74"]
[EventDate "2021.10.01"]
[EventType "team-swiss"]
[EventRounds "7"]
[EventCountry "GER"]
[SourceTitle "CBM 204 Extra"]
[Source "ChessBase"]
[SourceDate "2021.11.30"]
[SourceVersion "1"]
[SourceVersionDate "2021.11.30"]
[SourceQuality "1"]
[WhiteTeam "Niedersachsen"]
[BlackTeam "Sachsen"]
[WhiteTeamCountry "GER"]
[BlackTeamCountry "GER"]

1. e4 c5 2. Nf3 e6 3. b3 d5 4. Bb5+ Bd7 5. Bxd7+ Qxd7 6. exd5 exd5 7. Ne5 Qc7 8. Qe2 Be7 9. d4 Nc6 10. Nxc6 bxc6 11. 0-0 cxd4 12. c3 dxc3 13. Nxc3 Nf6 14. Ba3 Kf8 15. Bxe7+ Qxe7 16. Qa6 Qc7 17. Rac1 Qb6 18. Qa3+ Kg8 19. Na4 Qc7 20. b4 a6 21. Nc5 g6 22. Nxa6 Qb6 23. Qb2 Kg7 24. Nc5 Rhd8 25. Rfd1 Rd6 26. Ne4 Re6 27. Nxf6 Rxf6 28. Rc2 Re8 29. Rc3 Kg8 30. Re3 Rfe6 31. Rxe6 Rxe6 32. a3 Qb5 33. g3 Re4 34. Qc2 h5 35. h4 Re2 36. Qd3 Re1+ 37. Kg2 Rxd1 1/2-1/2

[Event "GER-chT Lands U20"]
[Site "Neumuenster"]
[Date "2021.10.02"]
[Round "2.3"]
[White "Bakiev, Diyor"]
[Black "Ehrig, Leon Chris"]
[Result "1-0"]
[WhiteElo "2096"]
[BlackElo "1796"]
[PlyCount "55"]
[EventDate "2021.10.01"]
[EventType "team-swiss"]
[EventRounds "7"]
[EventCountry "GER"]
[SourceTitle "CBM 204 Extra"]
[Source "ChessBase"]
[SourceDate "2021.11.30"]
[SourceVersion "1"]
[SourceVersionDate "2021.11.30"]
[SourceQuality "1"]
[WhiteTeam "Hessen"]
[BlackTeam "Sachsen"]
[WhiteTeamCountry "GER"]
[BlackTeamCountry "GER"]

1. e4 c5 2. Nf3 e6 3. c3 d5 4. e5 Nc6 5. d4 Qb6 6. a3 Bd7 7. b4 cxd4 8. cxd4 Nge7 9. Nc3 Nf5 10. Na4 Qc7 11. Bb2 Be7 12. Rc1 a6 13. Bd3 0-0 14. 0-0 f6 15. Bxf5 exf5 16. Re1 fxe5 17. dxe5 Be6 18. Nd4 Bf7 19. Nxf5 Bg5 20. Rc3 d4 21. Rg3 Bg6 22. Nxd4 Nxd4 23. Bxd4 Bc2 24. Qe2 Bxa4 25. Rxg5 Rf4 26. Qe3 Raf8 27. e6 Rxd4 28. Qxd4 1-0

[Event "GER-ch U14"]
[Site "Willingen"]
[Date "2021.08.28"]
[Round "8"]
[White "Ehrig, Leon Chris"]
[Black "Metzdorf, Matteo"]
[Result "1/2-1/2"]
[WhiteElo "1671"]
[BlackElo "1859"]
[PlyCount "48"]
[EventDate "2021.08.22"]
[EventType "swiss"]
[EventRounds "9"]
[EventCountry "GER"]
[SourceTitle "EXT 2022"]
[Source "ChessBase"]
[SourceDate "2021.10.06"]
[SourceVersion "1"]
[SourceVersionDate "2021.10.06"]
[SourceQuality "1"]

1. e4 c5 2. Nf3 e6 3. d4 cxd4 4. Nxd4 a6 5. Bd3 Qc7 6. 0-0 Nf6 7. Kh1 d5 8. exd5 Nxd5 9. f4 Bc5 10. c3 0-0 11. f5 e5 12. f6 g6 13. Nb3 Ne3 14. Bxe3 Bxe3 15. Qf3 Bf4 16. N1d2 Be6 17. Ne4 Nd7 18. Rae1 Rfd8 19. Qe2 Nb6 20. Nbc5 Bd5 21. Rf3 Nd7 22. Nxd7 Qxd7 23. Rh3 Rac8 24. Bc2 Be6 1/2-1/2

[Event "GER-chT Christmas U16 Steinitz"]
[Site "Playchess.com INT"]
[Date "2020.12.28"]
[Round "7.2"]
[White "Ehrig, Leon Chris"]
[Black "Klahold, Rona"]
[Result "1-0"]
[WhiteElo "1685"]
[BlackElo "1547"]
[PlyCount "159"]
[EventDate "2020.12.28"]
[EventType "team-swiss (blitz)"]
[EventRounds "7"]
[EventCountry "GER"]
[SourceTitle "CBM 200 Extra"]
[Source "ChessBase"]
[SourceDate "2021.03.31"]
[SourceVersion "1"]
[SourceVersionDate "2021.03.31"]
[SourceQuality "1"]
[WhiteTeam "Chemnitz"]
[BlackTeam "Paderborn Blauer Springer"]
[WhiteTeamCountry "GER"]
[BlackTeamCountry "GER"]

1. e4 e5 2. Nf3 Nc6 3. Bc4 Bc5 4. b4 Bxb4 5. c3 Ba5 6. d4 d6 7. 0-0 Nf6 8. d5 Ne7 9. Bd3 0-0 10. h3 Ng6 11. Bg5 Bd7 12. Nh2 h6 13. Be3 Bb6 14. Nd2 Bxe3 15. fxe3 c6 16. c4 Qb6 17. Qe2 Nh7 18. Rab1 Qc7 19. Rf2 Ne7 20. Ra1 f5 21. Raf1 f4 22. exf4 Qb6 23. f5 Ng5 24. h4 Nh7 25. g4 g5 26. Nhf3 gxh4 27. Kh1 Ng5 28. Nxg5 hxg5 29. Nf3 Rf6 30. Nxg5 Kg7 31. Rh2 Rh8 32. Nf3 Rfh6 33. g5 Rh5 34. f6+ Kf7 35. fxe7 Kxe7 36. Qf2 Qxf2 37. Rfxf2 Bg4 38. Kg2 Bxf3+ 39. Rxf3 Rxg5+ 40. Kf2 Rg4 41. Ke3 cxd5 42. cxd5 Kd7 43. Bb5+ Kc7 44. Bd3 Kb6 45. Be2 Rhg8 46. Rhh3 Kc5 47. Bd3 a6 48. Rf7 b5 49. Rc7+ Kb4 50. Kd2 Rg2+ 51. Be2 R8g4 52. Re3 R4g3 53. a3+ Ka4 54. Rc6 Rxe3 55. Rxa6+ Kb3 56. Kxe3 h3 57. Rxd6 h2 58. Rh6 Kxa3 59. Bxb5 Kb4 60. Be2 Kc5 61. Kf3 Rg1 62. Rxh2 Rg8 63. Rh1 Rf8+ 64. Ke3 Ra8 65. Rc1+ Kd6 66. Rc3 Rh8 67. Kd3 Rh3+ 68. Kc4 Rh2 69. Bd3 Rh8 70. Rb3 Rc8+ 71. Kb4 Rb8+ 72. Bb5 Rh8 73. Rc3 Rh4 74. Rc6+ Ke7 75. Re6+ Kd8 76. Rxe5 Kc7 77. Kc5 Rh1 78. Re7+ Kd8 79. Kd6 Rb1 80. Re8# 1-0

[Event "GER-ch U14"]
[Site "Willingen"]
[Date "2020.10.21"]
[Round "2"]
[White "Freude, Max"]
[Black "Ehrig, Leon Chris"]
[Result "1-0"]
[WhiteElo "1850"]
[BlackElo "1718"]
[PlyCount "76"]
[EventDate "2020.10.19"]
[EventType "swiss"]
[EventRounds "7"]
[EventCountry "GER"]
[SourceTitle "EXT 2022"]
[Source "ChessBase"]
[SourceDate "2021.10.06"]
[SourceVersion "1"]
[SourceVersionDate "2021.10.06"]
[SourceQuality "1"]

1. e4 c6 2. d4 d5 3. exd5 cxd5 4. Bd3 Nc6 5. c3 Qc7 6. Ne2 Bg4 7. f3 Bd7 8. 0-0 e5 9. dxe5 Nxe5 10. f4 Nc6 11. Be3 Bd6 12. Nd4 a6 13. Nd2 Nge7 14. N2b3 0-0 15. Qc2 Ng6 16. Qf2 f5 17. Rad1 Rae8 18. g3 Nge7 19. Nf3 h6 20. Rfe1 b5 21. Bf1 Rb8 22. Nc5 Bc8 23. Nb3 Na5 24. Nxa5 Qxa5 25. Bc5 Qc7 26. Bxd6 Qxd6 27. Re5 Bb7 28. Rde1 Rbe8 29. Re6 Qc7 30. Qe3 Rf7 31. Ne5 Rf6 32. Ng6 Rxg6 33. Rxg6 Nxg6 34. Qxe8+ Kh7 35. Bg2 Qc4 36. Re6 Qc5+ 37. Kh1 Nf8 38. Re7 Bc6 1-0

[Event "DSOL 02 Liga Gr-D 1st"]
[Site "Playchess.com INT"]
[Date "2020.08.10"]
[Round "2.4"]
[White "Ehrig, Leon Chris"]
[Black "Bahr, Torsten"]
[Result "1-0"]
[WhiteElo "1759"]
[BlackElo "1865"]
[PlyCount "55"]
[EventDate "2020.06.22"]
[EventType "team-tourn (rapid)"]
[EventCountry "GER"]
[SourceTitle "EXT 2021"]
[Source "ChessBase"]
[SourceDate "2020.10.23"]
[SourceVersion "1"]
[SourceVersionDate "2020.10.23"]
[SourceQuality "1"]
[WhiteTeam "Chemnitz USG"]
[BlackTeam "Eckernforder SC"]
[WhiteTeamCountry "GER"]
[BlackTeamCountry "GER"]

1. e4 c6 2. d4 d5 3. Nd2 dxe4 4. Nxe4 Bf5 5. Ng3 Bg6 6. Nf3 Nd7 7. h4 h6 8. Bd3 Bxd3 9. Qxd3 Qc7 10. 0-0 Ngf6 11. Re1 e6 12. Bd2 0-0-0 13. c4 c5 14. b4 cxb4 15. a3 bxa3 16. c5 Nxc5 17. Qxa3 Na6 18. Qa4 Kb8 19. Reb1 Ka8 20. Ba5 Qb8 21. Bxd8 Qxd8 22. Rxb7 Kxb7 23. Qxa6+ Kc7 24. Qxa7+ Kd6 25. Ra6+ Kd5 26. Qb7+ Kc4 27. Rc6+ Bc5 28. Rxc5+ 1-0

[Event "DSOL 02 Liga Gr-D 1st"]
[Site "Playchess.com INT"]
[Date "2020.08.06"]
[Round "7.4"]
[White "Ehrecke, Felix"]
[Black "Ehrig, Leon Chris"]
[Result "0-1"]
[WhiteElo "1482"]
[BlackElo "1759"]
[PlyCount "98"]
[EventDate "2020.06.22"]
[EventType "team-tourn (rapid)"]
[EventCountry "GER"]
[SourceTitle "EXT 2021"]
[Source "ChessBase"]
[SourceDate "2020.10.23"]
[SourceVersion "1"]
[SourceVersionDate "2020.10.23"]
[SourceQuality "1"]
[WhiteTeam "Stendal"]
[BlackTeam "Chemnitz USG"]
[WhiteTeamCountry "GER"]
[BlackTeamCountry "GER"]

1. e4 c6 2. d4 d5 3. e5 c5 4. dxc5 Nc6 5. Bf4 e6 6. Nf3 Bxc5 7. c3 Nge7 8. Bd3 Ng6 9. Bg3 Qc7 10. Qe2 Bd7 11. Nbd2 a5 12. a4 Qb6 13. Bb5 Nce7 14. Bxd7+ Kxd7 15. 0-0 Rhd8 16. Ng5 Ke8 17. Nxh7 Nf5 18. Ng5 Be7 19. Ndf3 Rac8 20. Qb5+ Qxb5 21. axb5 b6 22. Ra4 Rc5 23. Nh3 Rxb5 24. Rb1 d4 25. Nxd4 Nxd4 26. cxd4 Bb4 27. Rd1 Nxe5 28. Raa1 Nc4 29. f3 Nxb2 30. Rdb1 Nc4 31. Be1 Rxd4 32. Bxb4 axb4 33. Ra8+ Ke7 34. Nf2 b3 35. Ra4 b2 36. Ne4 Rxe4 37. fxe4 Nd2 38. e5 Nxb1 39. Ra7+ Kd8 40. Rxf7 Nc3 41. Rf1 b1B 42. Rc1 Nd5 43. Kf2 Rb2+ 44. Kg3 Be4 45. Ra1 Rxg2+ 46. Kh3 Nf4+ 47. Kh4 Ng6+ 48. Kh3 Nf4+ 49. Kh4 g5# 0-1

[Event "DSOL 02 Liga Gr-D 1st"]
[Site "Playchess.com INT"]
[Date "2020.07.23"]
[Round "5.4"]
[White "Degel, Steven"]
[Black "Ehrig, Leon Chris"]
[Result "1/2-1/2"]
[WhiteElo "1516"]
[BlackElo "1759"]
[PlyCount "128"]
[EventDate "2020.06.22"]
[EventType "team-tourn (rapid)"]
[EventCountry "GER"]
[SourceTitle "EXT 2021"]
[Source "ChessBase"]
[SourceDate "2020.10.23"]
[SourceVersion "1"]
[SourceVersionDate "2020.10.23"]
[SourceQuality "1"]
[WhiteTeam "Arnstadt Stadtilm"]
[BlackTeam "Chemnitz USG"]
[WhiteTeamCountry "GER"]
[BlackTeamCountry "GER"]

1. c4 e5 2. Nc3 Nc6 3. g3 g6 4. Bg2 Bg7 5. d3 Nge7 6. e3 f5 7. Nge2 0-0 8. 0-0 d6 9. b3 Rb8 10. Rb1 a6 11. Bb2 b5 12. Nd5 Kh8 13. d4 Nxd5 14. cxd5 Ne7 15. dxe5 dxe5 16. Rc1 Bb7 17. Ba3 Re8 18. Rc5 Qd7 19. e4 fxe4 20. Nc3 Red8 21. Qc2 Rbc8 22. Rd1 Nf5 23. Nxe4 Nd4 24. Qb1 Bxd5 25. Rxd5 Qxd5 26. Nd6 Qe6 27. Nxc8 Qxc8 28. Qe4 c5 29. Rc1 Qf5 30. Qxf5 gxf5 31. Kf1 Bh6 32. Rd1 b4 33. Bc1 Bxc1 34. Rxc1 Rc8 35. Bb7 Rc7 36. Bxa6 Kg7 37. Bc4 Kf6 38. h3 h5 39. Be2 Nxe2 40. Kxe2 e4 41. Ke3 Ke5 42. Rc4 h4 43. f4+ Kd5 44. g4 Rg7 45. g5 Ra7 46. Rc2 Rc7 47. Rd2+ Ke6 48. Rc2 Rd7 49. Rxc5 Rd3+ 50. Ke2 Rxh3 51. Re5+ Kf7 52. Rxf5+ Kg6 53. Re5 Rg3 54. Rxe4 Kf5 55. Re3 Rg2+ 56. Kf3 Rg3+ 57. Kf2 Kxf4 58. Rxg3 hxg3+ 59. Kg2 Kf5 60. g6 Kxg6 61. Kxg3 Kg5 62. Kf3 Kf5 63. Ke3 Ke5 64. Kd3 Kd5 1/2-1/2

[Event "GER-chT School WK 2"]
[Site "Playchess.com INT"]
[Date "2020.06.15"]
[Round "4.2"]
[White "Seifert, Viktor"]
[Black "Ehrig, Leon Chris"]
[Result "0-1"]
[WhiteElo "1665"]
[BlackElo "1571"]
[PlyCount "74"]
[EventDate "2020.06.08"]
[EventType "team-swiss (blitz)"]
[EventRounds "7"]
[EventCountry "GER"]
[SourceTitle "EXT 2021"]
[Source "ChessBase"]
[SourceDate "2020.10.23"]
[SourceVersion "1"]
[SourceVersionDate "2020.10.23"]
[SourceQuality "1"]
[WhiteTeam "NDS W Raabe Gymn"]
[BlackTeam "Hohe Lessing Gymn"]
[WhiteTeamCountry "GER"]
[BlackTeamCountry "GER"]

1. c4 e5 2. g3 d6 3. Bg2 f5 4. Nc3 g6 5. d3 Bg7 6. Nf3 Nf6 7. Bg5 c6 8. 0-0 0-0 9. e4 Be6 10. b3 Nbd7 11. Be3 h6 12. Nd2 Ng4 13. Qe2 f4 14. Bh3 fxe3 15. fxe3 Rxf1+ 16. Rxf1 h5 17. Nf3 Ndf6 18. d4 exd4 19. exd4 Bd7 20. e5 dxe5 21. dxe5 Ne8 22. Rd1 Qe7 23. Ne4 Bf5 24. Neg5 Nc7 25. Nd4 Qc5 26. Kg2 Rf8 27. Nxf5 gxf5 28. Bxg4 fxg4 29. e6 Qxg5 30. e7 Re8 31. Rd7 Qe5 32. Qc2 Rxe7 33. Rd8+ Kf7 34. Qf2+ Bf6 35. h3 gxh3+ 36. Kxh3 Qe6+ 37. Kg2 Qe2 0-1

[Event "GER-ch U10"]
[Site "Willingen"]
[Date "2017.06.06"]
[Round "5"]
[White "Ehrig, Leon Chris"]
[Black "Mueller, Maximilian3"]
[Result "1-0"]
[WhiteElo "1484"]
[BlackElo "1234"]
[PlyCount "53"]
[EventDate "2017.06.04"]
[EventType "swiss"]
[EventRounds "11"]
[EventCountry "GER"]
[SourceTitle "CBM 178 Extra"]
[Source "ChessBase"]
[SourceDate "2017.06.22"]
[SourceVersion "1"]
[SourceVersionDate "2017.06.22"]
[SourceQuality "1"]

1. e4 e6 2. d4 d5 3. exd5 exd5 4. c4 c6 5. Nc3 Bb4 6. Bd3 Nf6 7. Nge2 0-0 8. 0-0 Be6 9. cxd5 Nxd5 10. a3 Nxc3 11. bxc3 Bd6 12. Ng3 Nd7 13. Ne4 Qc7 14. Qh5 Be7 15. Bg5 Bxg5 16. Nxg5 Nf6 17. Bxh7+ Kh8 18. Qh4 Bd5 19. Bf5+ Kg8 20. Nh7 Ne8 21. Nxf8 Kxf8 22. Rfe1 f6 23. Bg6 Nd6 24. Qh8+ Bg8 25. Re2 Qb6 26. Rae1 Qb3 27. Re7 1-0